[Event "4NCL Online Div 1 Playoff"]
[Site "online"]
[Date "2020.12.15"]
[Round "9.11"]
[White "Fernandez, Daniel Howard"]
[Black "Cramling, Pia"]
[Result "1/2-1/2"]
[WhiteElo "2466"]
[BlackElo "2464"]
[PlyCount "146"]
[EventDate "2020.12.15"]
[WhiteTeam "Wood Green"]
[BlackTeam "ChessPlus Kingston"]

1. e4 c5 2. Nf3 e6 3. g3 Nc6 4. Bg2 Nf6 5. Qe2 e5 6. d3 Be7 7. O-O O-O 8. a4 h6
9. Re1 Re8 10. Qf1 Bf8 11. c4 g6 12. Nc3 Bg7 13. h4 d6 14. Bh3 Bxh3 15. Qxh3
Nb4 16. Rd1 a6 17. Ne1 Qc8 18. Qxc8 Raxc8 19. a5 h5 20. Ng2 Kh7 21. Ra3 Nd7 22.
Ne3 Bh6 23. Ncd5 Nc6 24. Bd2 Nd4 25. Bc3 f5 26. exf5 Nxf5 27. b4 Bxe3 28. fxe3
Rf8 29. Kg2 Nf6 30. Nxf6+ Rxf6 31. Re1 cxb4 32. Bxb4 Rcf8 33. c5 R8f7 34. cxd6
Nxd6 35. Bxd6 Rxd6 36. Rb1 Rfd7 37. Kf3 Rd5 38. Ke4 Kh6 39. Rxb7 Rxd3 40. Rxd3
Rxb7 41. Rd6 Rb4+ 42. Kxe5 Rg4 43. Rxa6 Rxg3 44. e4 Ra3 45. Ra8 g5 46. Ra6+ Kg7
47. hxg5 h4 48. Kf4 h3 49. Rh6 Rxa5 50. Rxh3 Rb5 51. Rd3 Kg6 52. Rd6+ Kf7 53.
Rf6+ Kg7 54. e5 Rb1 55. e6 Rf1+ 56. Ke5 Re1+ 57. Kd6 Rd1+ 58. Kc6 Rc1+ 59. Kd7
Rd1+ 60. Ke8 Ra1 61. e7 Ra8+ 62. Kd7 Ra7+ 63. Kd6 Ra6+ 64. Kc5 Ra5+ 65. Kc6 Ra8
66. Rd6 Kf7 67. Rd7 Ra6+ 68. Kb7 Re6 69. g6+ Rxg6 70. Kc8 Ke8 71. Rc7 Re6 72.
Kb8 Rxe7 73. Rxe7+ Kxe7 1/2-1/2

[Event "4NCL Online Div 1 Playoff"]
[Site "online"]
[Date "2020.12.15"]
[Round "9.12"]
[White "Reizniece-Ozola, Dana"]
[Black "Haria, Ravi"]
[Result "1-0"]
[WhiteElo "2279"]
[BlackElo "2440"]
[PlyCount "55"]
[EventDate "2020.12.15"]
[WhiteTeam "ChessPlus Kingston"]
[BlackTeam "Wood Green"]

1. c4 e6 2. Nc3 d5 3. d4 Bb4 4. cxd5 exd5 5. Nf3 Nf6 6. Bg5 h6 7. Bxf6 Qxf6 8.
Qb3 Qb6 9. e3 O-O 10. Bd3 c6 11. O-O Bd6 12. Qc2 Re8 13. h3 Nd7 14. e4 dxe4 15.
Nxe4 Bf8 16. Rfe1 Qd8 17. Bc4 Nb6 18. Neg5 Rxe1+ 19. Rxe1 hxg5 20. Bxf7+ Kxf7
21. Qh7 Nd7 22. Qh5+ Kg8 23. Nxg5 Nf6 24. Qf7+ Kh8 25. Re4 Bf5 26. Rh4+ Bh7 27.
Qg6 Qd5 28. Nxh7 1-0

[Event "4NCL Online Div 1 Playoff"]
[Site "online"]
[Date "2020.12.15"]
[Round "9.13"]
[White "Harvey, Marcus R"]
[Black "Pavlik, Goran"]
[Result "1-0"]
[WhiteElo "2440"]
[BlackElo "2197"]
[PlyCount "87"]
[EventDate "2020.12.15"]
[WhiteTeam "Wood Green"]
[BlackTeam "ChessPlus Kingston"]

1. d4 Nf6 2. c4 g6 3. Nc3 Bg7 4. e4 d6 5. Nf3 O-O 6. Be2 c5 7. O-O Nc6 8. d5
Ne5 9. Nxe5 dxe5 10. Be3 b6 11. a3 Nd7 12. b4 a5 13. Qb3 Ba6 14. bxa5 bxa5 15.
Na4 Qc7 16. Rab1 h5 17. Qc2 Kh7 18. Rb3 Bh6 19. Bxh6 Kxh6 20. Rfb1 Rfb8 21. f3
Rxb3 22. Rxb3 Rb8 23. Rxb8 Nxb8 24. Kf2 Nd7 25. Qb2 Kh7 26. g3 Nf6 27. Qb6 Qxb6
28. Nxb6 Kg8 29. Ke3 Kf8 30. f4 exf4+ 31. gxf4 Ke8 32. e5 Nd7 33. Na4 e6 34. h4
Ke7 35. Bd3 exd5 36. cxd5 Bxd3 37. Kxd3 g5 38. hxg5 c4+ 39. Ke4 h4 40. Kf3 Nb6
41. Nc3 Nxd5 42. Nxd5+ Ke6 43. Nc3 Kf5 44. Nd1 1-0

[Event "4NCL Online Div 1 Playoff"]
[Site "online"]
[Date "2020.12.15"]
[Round "9.14"]
[White "Vakulenko, Oleksandr"]
[Black "McPhillips, Joseph"]
[Result "1-0"]
[WhiteElo "2232"]
[BlackElo "2425"]
[PlyCount "55"]
[EventDate "2020.12.15"]
[WhiteTeam "ChessPlus Kingston"]
[BlackTeam "Wood Green"]

1. d4 e6 2. c4 Nf6 3. Nc3 Bb4 4. f3 d5 5. a3 Bxc3+ 6. bxc3 c5 7. cxd5 Nxd5 8.
dxc5 Qa5 9. e4 Nf6 10. Be3 O-O 11. Qb3 Nfd7 12. Bb5 Qc7 13. Qb4 f5 14. exf5
Rxf5 15. Ne2 Nf6 16. c4 Rh5 17. Qd2 Bd7 18. Nf4 Re5 19. O-O Nc6 20. Nd3 Rh5 21.
g4 Rh3 22. Nf4 Rh4 23. Bf2 Rh6 24. g5 Nh5 25. gxh6 Nxf4 26. Bg3 g5 27. Bxf4
gxf4 28. Qg2+ 1-0

[Event "4NCL Online Division 2"]
[Site "online"]
[Date "2020.08.25"]
[Round "1.11"]
[White "Bott, Simeon"]
[Black "Friedgood, David"]
[Result "0-1"]
[WhiteElo "1952"]
[BlackElo "2188"]
[PlyCount "130"]
[EventDate "2020.08.25"]
[WhiteTeam "Warwick University B"]
[BlackTeam "MK Phoenix 1"]

1. e4 c5 2. Nf3 Nc6 3. d4 cxd4 4. Nxd4 e5 5. Nb5 d6 6. N1c3 a6 7. Na3 Be7 8.
Nc4 Nf6 9. Be3 b5 10. Nb6 Rb8 11. Nxc8 Qxc8 12. Bd3 O-O 13. O-O Bd8 14. h3 b4
15. Nd5 Nxd5 16. exd5 Ne7 17. f4 Bb6 18. Bxb6 Rxb6 19. Kh1 f5 20. Qe2 e4 21.
Bc4 Qc5 22. a3 Rc8 23. b3 bxa3 24. Ra2 Kh8 25. Rfa1 Nxd5 26. Bxd5 Qxd5 27. Rxa3
Qb5 28. Qxb5 axb5 29. Kg1 Rbc6 30. Ra6 Kg8 31. Rxc6 Rxc6 32. Ra5 Rxc2 33. Rxb5
g6 34. Rd5 Rc6 35. g4 Rb6 36. Kf2 Kf7 37. gxf5 gxf5 38. Rxf5+ Ke6 39. Rh5 Rxb3
40. Rxh7 Rf3+ 41. Ke2 d5 42. Rh6+ Ke7 43. Rh5 Kd6 44. h4 Rxf4 45. Rh8 d4 46. h5
Rh4 47. Rd8+ Ke5 48. Re8+ Kf4 49. Rf8+ Kg5 50. Rd8 Rh2+ 51. Kd1 d3 52. Rd5+ Kf4
53. h6 Ke3 54. Kc1 Rxh6 55. Rg5 d2+ 56. Kc2 Rc6+ 57. Kb2 d1=Q 58. Rg3+ Kf4 59.
Ra3 Rc2+ 60. Kb3 Qb1+ 61. Ka4 Rc4+ 62. Ka5 Qb4+ 63. Ka6 Rc6+ 64. Ka7 Qb6+ 65.
Ka8 Rc8# 0-1

[Event "4NCL Online Division 2"]
[Site "online"]
[Date "2020.08.25"]
[Round "1.12"]
[White "Tippleston, Charles E"]
[Black "Fowler, Jonathan"]
[Result "1-0"]
[WhiteElo "2077"]
[BlackElo "1892"]
[PlyCount "127"]
[EventDate "2020.08.25"]
[WhiteTeam "MK Phoenix 1"]
[BlackTeam "Warwick University B"]

1. e4 d5 2. exd5 Nf6 3. d4 Nxd5 4. Nf3 Bf5 5. a3 e6 6. c4 Nb6 7. Nc3 Be7 8. Be3
N8d7 9. Be2 O-O 10. O-O c5 11. dxc5 Bxc5 12. Nd4 Bg6 13. b4 Bxd4 14. Qxd4 Qe7
15. c5 Nc8 16. Rfd1 Nf6 17. Bf3 a6 18. c6 bxc6 19. Bxc6 Rb8 20. Qc4 Nd6 21.
Qxa6 Rfc8 22. Bc5 Rd8 23. Nb5 Rxb5 24. Bxb5 Nfe4 25. Bd3 Nxc5 26. bxc5 Nb7 27.
Bxg6 hxg6 28. Rxd8+ Nxd8 29. c6 Qc7 30. Rc1 Kf8 31. a4 Ke7 32. Qb5 e5 33. Qc5+
Kf6 34. a5 Ne6 35. Qb6 Ke7 36. Qxc7+ Nxc7 37. Rd1 Na6 38. Rd7+ Ke6 39. Ra7 Nb4
40. c7 Kd7 41. c8=Q+ Kxc8 42. Rxf7 Nc6 43. a6 Kb8 44. Rxg7 Nb4 45. Rxg6 Ka7 46.
h4 Nxa6 47. Rxa6+ Kxa6 48. h5 Kb6 49. h6 Kc6 50. h7 Kd6 51. h8=Q Ke6 52. Kf1
Kd5 53. Ke2 Ke6 54. Ke3 Kd5 55. g4 e4 56. g5 Kc5 57. g6 Kd5 58. g7 Kc5 59. g8=Q
Kd6 60. Qf6+ Kc5 61. Qc8+ Kb5 62. Qb2+ Ka5 63. Qc7+ Ka4 64. Qa7# 1-0

[Event "4NCL Online Division 2"]
[Site "online"]
[Date "2020.08.25"]
[Round "1.13"]
[White "Sajanani, Vikas"]
[Black "Cox, Toby"]
[Result "0-1"]
[WhiteElo "1652"]
[BlackElo "2080"]
[PlyCount "132"]
[EventDate "2020.08.25"]
[WhiteTeam "Warwick University B"]
[BlackTeam "MK Phoenix 1"]

1. e4 e6 2. d4 d5 3. e5 c5 4. c3 Nc6 5. Nf3 Bd7 6. Be2 Qb6 7. a3 c4 8. O-O Na5
9. Nbd2 Nb3 10. Nxb3 Ba4 11. Be3 Ne7 12. Qd2 Bxb3 13. Ne1 O-O-O 14. a4 Kb8 15.
a5 Qb5 16. Nc2 Bxc2 17. Qxc2 Nc6 18. Rfb1 Nxa5 19. b3 Nxb3 20. Ra2 Qc6 21. Bd1
Be7 22. Qe2 Rd7 23. Bxb3 cxb3 24. Rxb3 g6 25. Rab2 Rc8 26. Qf3 Bd8 27. Qd1 Qc4
28. Qb1 b6 29. Bd2 Rb7 30. Rb5 h5 31. h3 Qc6 32. Qd1 a6 33. R5b3 b5 34. Qb1 Kc7
35. Qd3 Rcb8 36. Qf3 Kc8 37. g4 hxg4 38. Qxg4 a5 39. Bg5 a4 40. Ra3 Ba5 41. Qh4
Bxc3 42. Rxc3 Qxc3 43. Rb1 b4 44. Rc1 Qxc1+ 45. Bxc1 b3 46. Qh8+ Kd7 47. Qf6
Kc6 48. Qf3 Rc7 49. Ba3 Kb7 50. Qd3 Rc4 51. Qf3 Rc7 52. Qd3 Ka7 53. Qd2 Rb5 54.
Qd3 Kb6 55. Bc5+ Rcxc5 56. dxc5+ Rxc5 57. Qd4 Kb5 58. Kg2 Rc4 59. Qb2 Kb4 60.
Kf3 a3 61. Qd2+ Rc3+ 62. Ke2 b2 63. Qd4+ Kb3 64. Kd2 Rc2+ 65. Kd3 b1=Q 66. Qb4+
Kxb4 0-1

[Event "4NCL Online Division 2"]
[Site "online"]
[Date "2020.08.25"]
[Round "1.14"]
[White "Hunt, Peter"]
[Black "Fakhoury, Ziad Oussma"]
[Result "1-0"]
[WhiteElo "2065"]
[BlackElo "1247"]
[PlyCount "121"]
[EventDate "2020.08.25"]
[WhiteTeam "MK Phoenix 1"]
[BlackTeam "Warwick University B"]

1. Nf3 e6 2. d4 Nf6 3. c4 c5 4. Nc3 cxd4 5. Nxd4 Nc6 6. Ndb5 Bc5 7. Nd6+ Ke7 8.
Nxc8+ Rxc8 9. e3 Re8 10. Be2 Kf8 11. O-O Kg8 12. a3 a5 13. b3 Qe7 14. Bb2 Rcd8
15. Bf3 Ne5 16. Bxb7 d5 17. Ba6 dxc4 18. Qc2 cxb3 19. Qxb3 Neg4 20. h3 Qd6 21.
hxg4 Nxg4 22. g3 Qxa6 23. Ne4 Rb8 24. Qc3 Bf8 25. Rab1 Qb5 26. f3 Qf5 27. Nd6
Qh5 28. fxg4 Qxg4 29. Rxf7 Re7 30. Qe5 Rxf7 31. Nxf7 Rxb2 32. Rxb2 Kxf7 33.
Rf2+ Kg8 34. Qb8 Qd1+ 35. Rf1 Qd6 36. Qxd6 Bxd6 37. Kf2 Bxa3 38. Ke2 Be7 39.
Kd3 a4 40. Kc4 a3 41. Kb3 h6 42. g4 g5 43. e4 Kg7 44. Rh1 Kg6 45. Rh2 Bf8 46.
Rh1 Kf6 47. Rf1+ Kg7 48. e5 Be7 49. Rd1 Kf7 50. Rd7 Ke8 51. Ra7 Kf7 52. Kc4 Ke8
53. Kb5 Kf8 54. Kc6 Bb4 55. Ra4 Be7 56. Kd7 Kf7 57. Ra6 Bf8 58. Rxe6 a2 59. Ra6
Bg7 60. e6+ Kf8 61. Ra8# 1-0

[Event "4NCL Online Division 2"]
[Site "online"]
[Date "2020.08.25"]
[Round "1.21"]
[White "Garcia, Jason"]
[Black "Srivastava, Arnav"]
[Result "1/2-1/2"]
[WhiteElo "2028"]
[BlackElo "2027"]
[PlyCount "50"]
[EventDate "2020.08.25"]
[WhiteTeam "White Knights"]
[BlackTeam "Poisoned Pawns"]

1. Nf3 d5 2. c4 e6 3. g3 Nf6 4. Bg2 dxc4 5. Qa4+ Bd7 6. Qxc4 c5 7. Ne5 Qc7 8.
Nxd7 Nbxd7 9. O-O Bd6 10. Nc3 a6 11. Ne4 Nxe4 12. Qxe4 Rb8 13. d3 O-O 14. Bd2
Be5 15. Rab1 Nf6 16. Qh4 Nd5 17. Rfc1 Qd6 18. Rc2 Ne7 19. Be4 f5 20. Bf3 f4 21.
Be4 Nf5 22. Qh3 g6 23. Bc3 Bxc3 24. bxc3 b5 25. Qg2 b4 1/2-1/2

[Event "4NCL Online Division 2"]
[Site "online"]
[Date "2020.08.25"]
[Round "1.22"]
[White "Weersing, Abigail Riis"]
[Black "Young, Alan"]
[Result "0-1"]
[WhiteElo "1945"]
[BlackElo "2092"]
[PlyCount "114"]
[EventDate "2020.08.25"]
[WhiteTeam "Poisoned Pawns"]
[BlackTeam "White Knights"]

1. d4 d5 2. c4 dxc4 3. e3 e5 4. Bxc4 exd4 5. exd4 Bd6 6. Nc3 Nf6 7. Nf3 O-O 8.
O-O Nc6 9. h3 Bf5 10. Bg5 h6 11. Be3 Re8 12. Re1 a6 13. a4 Nb4 14. Rc1 c6 15.
Qb3 Be6 16. Bxe6 Rxe6 17. Ne2 Nfd5 18. Nd2 Qe7 19. Nc4 Bc7 20. Nc3 Nxc3 21.
Rxc3 Nd5 22. Rcc1 Re8 23. a5 Nf4 24. Qd1 Qg5 25. Qf3 Qg6 26. Rf1 Rf6 27. Bxf4
Bxf4 28. Qg4 Qxg4 29. hxg4 Bxc1 30. Rxc1 Re2 31. f3 Rfe6 32. Kf1 g6 33. b4 Ra2
34. Ne5 Kg7 35. f4 f6 36. Nd3 Ree2 37. Nc5 Rf2+ 38. Ke1 Rxg2 39. Kf1 Rh2 40.
Kg1 Rhc2 41. Rxc2 Rxc2 42. Nxb7 h5 43. gxh5 gxh5 44. Nc5 Rc4 45. Nxa6 Rxd4 46.
Kg2 Rxf4 47. Kg3 Rc4 48. Nc5 Rxb4 49. a6 Rb1 50. Kh4 Kg6 51. Ne6 Rh1+ 52. Kg3
Ra1 53. Kh4 Ra4+ 54. Kh3 Rxa6 55. Nf4+ Kg5 56. Ne6+ Kf5 57. Ng7+ Kg6 0-1

[Event "4NCL Online Division 2"]
[Site "online"]
[Date "2020.08.25"]
[Round "1.23"]
[White "May, Adam J"]
[Black "Dharmasena, Gavith"]
[Result "0-1"]
[WhiteElo "1950"]
[BlackElo "1915"]
[PlyCount "50"]
[EventDate "2020.08.25"]
[WhiteTeam "White Knights"]
[BlackTeam "Poisoned Pawns"]

1. d4 Nf6 2. Nf3 e6 3. g3 c5 4. Bg2 cxd4 5. O-O d5 6. Nxd4 e5 7. Nb3 Be6 8. c4
Nc6 9. Bg5 dxc4 10. N3d2 Be7 11. Qa4 O-O 12. Nc3 Nd4 13. e3 Ne2+ 14. Nxe2 Qxd2
15. Nc3 Qxb2 16. Rfc1 Ng4 17. Nd1 Qa3 18. Qxa3 Bxa3 19. Rcb1 f6 20. h3 Nxf2 21.
Nxf2 c3 22. Rxb7 c2 23. Nd3 fxg5 24. Rb3 Bxb3 25. axb3 Rad8 0-1

[Event "4NCL Online Division 2"]
[Site "online"]
[Date "2020.08.25"]
[Round "1.24"]
[White "Volovich, Julia"]
[Black "Miga, Tomasz"]
[Result "1-0"]
[WhiteElo "1937"]
[BlackElo "1737"]
[PlyCount "113"]
[EventDate "2020.08.25"]
[WhiteTeam "Poisoned Pawns"]
[BlackTeam "White Knights"]

1. d4 d5 2. c4 e6 3. Nc3 Be7 4. cxd5 exd5 5. Bf4 c6 6. e3 Bd6 7. Bxd6 Qxd6 8.
Bd3 Ne7 9. Qc2 g6 10. Nf3 Bf5 11. Bxf5 Nxf5 12. g4 Ng7 13. O-O-O Nd7 14. Kb1
Qf6 15. Qe2 O-O-O 16. e4 Rhe8 17. Rhe1 Qf4 18. Qe3 Qxe3 19. Rxe3 Nf6 20. exd5
Rxe3 21. fxe3 Nxg4 22. dxc6 Nxe3 23. Rd3 Nef5 24. cxb7+ Kxb7 25. d5 f6 26. Ne4
Ne8 27. Nfd2 Nfd6 28. Nc5+ Ka8 29. Ne6 Rc8 30. Nb3 Nc7 31. h4 Nxe6 32. dxe6 Nf5
33. Rd7 Re8 34. Nc5 Kb8 35. Na6+ Kc8 36. Rc7+ Kd8 37. Rd7+ Kc8 38. Rxh7 Ne7 39.
Rf7 f5 40. Nb4 Kc7 41. Nd5+ Kd6 42. Nf4 Ke5 43. Rxe7 Rxe7 44. Nxg6+ Kxe6 45.
Nxe7 Kxe7 46. Kc2 Kf6 47. Kd3 Kg6 48. Ke3 Kh5 49. Kf4 Kxh4 50. Kxf5 Kg3 51. Ke4
Kf2 52. Kd3 Ke1 53. Kc3 Kd1 54. b4 Kc1 55. a4 Kb1 56. b5 Ka2 57. Kb4 1-0

[Event "4NCL Online Division 2"]
[Site "online"]
[Date "2020.08.25"]
[Round "1.31"]
[White "Tanmay Chopra"]
[Black "Fraser-Mitchell, Jeremy N"]
[Result "1-0"]
[WhiteElo "2273"]
[BlackElo "2058"]
[PlyCount "53"]
[EventDate "2020.08.25"]
[WhiteTeam "Harrow 1"]
[BlackTeam "St Albans 1"]

1. d4 f5 2. Nc3 d5 3. Bg5 c6 4. e3 Nd7 5. Bd3 g6 6. h4 Bg7 7. g4 Ndf6 8. gxf5
Bxf5 9. Bxf5 gxf5 10. Qf3 Qd7 11. Bf4 Nh6 12. h5 O-O-O 13. Nge2 Rhg8 14. Qh3 e6
15. f3 Nf7 16. Qh2 Bf8 17. O-O-O Bd6 18. Rdg1 Bxf4 19. Nxf4 e5 20. Nd3 e4 21.
Nc5 Qd6 22. Qh3 b6 23. Qxf5+ Kb8 24. Ne6 Rxg1+ 25. Rxg1 Qh2 26. Rg7 Qf2 27. Nd1
1-0

[Event "4NCL Online Division 2"]
[Site "online"]
[Date "2020.08.25"]
[Round "1.32"]
[White "Collopy, Robert"]
[Black "Nettleton, Charlie B"]
[Result "0-1"]
[WhiteElo "2012"]
[BlackElo "2008"]
[PlyCount "74"]
[EventDate "2020.08.25"]
[WhiteTeam "St Albans 1"]
[BlackTeam "Harrow 1"]

1. d4 d5 2. c4 c6 3. Nf3 Nf6 4. Nc3 dxc4 5. a4 Bf5 6. e3 e6 7. Bxc4 Bb4 8. O-O
O-O 9. Bd3 Bxd3 10. Qxd3 Nbd7 11. e4 Re8 12. e5 Nd5 13. Ng5 Nf8 14. f4 c5 15.
f5 f6 16. Nxd5 exd5 17. exf6 Qxf6 18. dxc5 Bxc5+ 19. Kh1 Rad8 20. Rb1 Qd4 21.
Qxd4 Bxd4 22. b4 Bf6 23. Nf3 Nd7 24. g4 Nb6 25. Bb2 Bxb2 26. Rxb2 Re4 27. h3
Nxa4 28. Rb3 Rc4 29. Ra1 b5 30. Ne5 Rc2 31. Rd3 d4 32. Rad1 Re8 33. Nf3 Nb2 34.
R1d2 Rc1+ 35. Kg2 Nxd3 36. Rxd3 Rc2+ 37. Kf1 Re3 0-1

[Event "4NCL Online Division 2"]
[Site "online"]
[Date "2020.08.25"]
[Round "1.33"]
[White "Coles, Steven F"]
[Black "Ellis, Aidan B"]
[Result "1/2-1/2"]
[WhiteElo "1986"]
[BlackElo "1960"]
[PlyCount "76"]
[EventDate "2020.08.25"]
[WhiteTeam "Harrow 1"]
[BlackTeam "St Albans 1"]

1. d4 d5 2. Bf4 Nf6 3. e3 c5 4. c3 Nc6 5. Bd3 Bg4 6. f3 Bh5 7. g4 Bg6 8. h4 Qb6
9. Bxg6 hxg6 10. Qb3 e6 11. Nd2 Be7 12. Ne2 Nd7 13. Bg3 Bf6 14. Qxb6 axb6 15.
Nf4 b5 16. Kf2 b4 17. g5 Be7 18. Nd3 bxc3 19. bxc3 Ra3 20. Nb1 Ra7 21. Rc1 O-O
22. Nd2 Rfa8 23. Rc2 b5 24. dxc5 Nxc5 25. Nxc5 Bxc5 26. Nb3 Be7 27. Nd4 Nxd4
28. cxd4 b4 29. Rb2 Ra3 30. Rab1 Rxa2 31. Ke2 f6 32. gxf6 gxf6 33. Be1 Kg7 34.
Kd1 Rxb2 35. Rxb2 Rb8 36. Kc2 f5 37. Kb3 Kh6 38. Ra2 g5 1/2-1/2

[Event "4NCL Online Division 2"]
[Site "online"]
[Date "2020.08.25"]
[Round "1.34"]
[White "Gemmell, John"]
[Black "Manmay Chopra"]
[Result "1/2-1/2"]
[WhiteElo "1922"]
[BlackElo "1610"]
[PlyCount "40"]
[EventDate "2020.08.25"]
[WhiteTeam "St Albans 1"]
[BlackTeam "Harrow 1"]

1. d4 Nf6 2. Bf4 d5 3. e3 c5 4. c3 Nc6 5. Nf3 e6 6. Nbd2 Bd6 7. Bg3 O-O 8. Bd3
b6 9. Qe2 Bb7 10. Rd1 cxd4 11. exd4 Ne7 12. Ne5 Nf5 13. Qf3 g6 14. Ng4 Nxg4 15.
Qxg4 h5 16. Qe2 Nxg3 17. hxg3 Qf6 18. Nf3 Rad8 19. O-O Rfe8 20. Rfe1 Kg7
1/2-1/2

[Event "4NCL Online Division 2"]
[Site "online"]
[Date "2020.08.25"]
[Round "1.41"]
[White "Whyte, Brian G"]
[Black "Siddharth, Jagadeesh"]
[Result "0-1"]
[WhiteElo "2048"]
[BlackElo "2447"]
[PlyCount "60"]
[EventDate "2020.08.25"]
[WhiteTeam "Malpas & Oswestry Friends"]
[BlackTeam "Brentwood A"]

1. Nf3 d5 2. c4 d4 3. e3 Nc6 4. b4 dxe3 5. fxe3 Nxb4 6. d4 e5 7. a3 Nc6 8. Bb2
e4 9. Nfd2 Qg5 10. Nxe4 Qxe3+ 11. Qe2 Qxe2+ 12. Bxe2 f6 13. O-O Bd7 14. Bh5+ g6
15. Be2 O-O-O 16. d5 Nce7 17. Ng5 Re8 18. Bd3 h6 19. Ne4 Nf5 20. Nbd2 Ne3 21.
Rf3 Ng4 22. Nxf6 N8xf6 23. Bxf6 Bc5+ 24. Kh1 Nxf6 25. Raf1 Ng4 26. Bxg6 Ref8
27. Ne4 Be7 28. c5 Ne5 29. Rxf8+ Rxf8 30. Rd1 Nxg6 0-1

[Event "4NCL Online Division 2"]
[Site "online"]
[Date "2020.08.25"]
[Round "1.42"]
[White "Pert, Richard G"]
[Black "Altinsoy, Mehmet Nuri"]
[Result "1-0"]
[WhiteElo "2515"]
[BlackElo "2018"]
[PlyCount "63"]
[EventDate "2020.08.25"]
[WhiteTeam "Brentwood A"]
[BlackTeam "Malpas & Oswestry Friends"]

1. Nf3 d5 2. d4 e6 3. c4 Nf6 4. Nc3 Be7 5. Bf4 a6 6. c5 O-O 7. e3 Nh5 8. Be5
Nc6 9. Bd3 Nxe5 10. Nxe5 Nf6 11. O-O Nd7 12. f4 Nxe5 13. fxe5 f5 14. exf6 Bxf6
15. Qb3 c6 16. Kh1 Rb8 17. Bxa6 e5 18. Ne4 exd4 19. Nxf6+ Rxf6 20. exd4 Rh6 21.
Qg3 Be6 22. Bd3 Ra8 23. Rf4 Qe7 24. a3 Rf8 25. Rxf8+ Qxf8 26. Rf1 Rf6 27. Rxf6
Qxf6 28. Qb8+ Kf7 29. Qxb7+ Kf8 30. Qb8+ Kf7 31. Qc7+ Kf8 32. Qe5 1-0

[Event "4NCL Online Division 2"]
[Site "online"]
[Date "2020.08.25"]
[Round "1.43"]
[White "McMahon, Timothy P"]
[Black "Coote, Trevor D"]
[Result "0-1"]
[WhiteElo "1997"]
[BlackElo "2044"]
[PlyCount "60"]
[EventDate "2020.08.25"]
[WhiteTeam "Malpas & Oswestry Friends"]
[BlackTeam "Brentwood A"]

1. e4 e6 2. d4 d5 3. Nd2 Nf6 4. e5 Nfd7 5. Bd3 c5 6. c3 Nc6 7. Ne2 Qb6 8. Nf3
cxd4 9. cxd4 Bb4+ 10. Bd2 f6 11. exf6 Nxf6 12. O-O O-O 13. Bf4 Bd7 14. Ne5 Nxe5
15. Bxe5 Ng4 16. Qc2 Nxe5 17. Bxh7+ Kh8 18. dxe5 Bc5 19. Qd3 Bxf2+ 20. Kh1 Bb5
21. Qh3 Qe3 22. Rxf2 Qxh3 23. Rxf8+ Rxf8 24. gxh3 Bxe2 25. Bg6 d4 26. Kg2 d3
27. Be4 d2 28. Bc2 Rc8 29. Kf2 Rxc2 30. Kxe2 Rc1 0-1

[Event "4NCL Online Division 2"]
[Site "online"]
[Date "2020.08.25"]
[Round "1.44"]
[White "Pert, Nina"]
[Black "Taylor, Robert K"]
[Result "0-1"]
[WhiteElo "1787"]
[BlackElo "1960"]
[PlyCount "94"]
[EventDate "2020.08.25"]
[WhiteTeam "Brentwood A"]
[BlackTeam "Malpas & Oswestry Friends"]

1. e4 c5 2. Nf3 g6 3. d4 cxd4 4. Qxd4 Nf6 5. e5 Nc6 6. Qa4 Nd5 7. Qe4 Ndb4 8.
Bb5 a6 9. Bxc6 Nxc6 10. Nc3 Bg7 11. Bf4 O-O 12. O-O-O b5 13. h4 b4 14. Nd5 a5
15. h5 e6 16. Ne3 f5 17. Qd3 a4 18. hxg6 hxg6 19. Bh6 Nxe5 20. Nxe5 Bxe5 21.
Bxf8 Qxf8 22. Nc4 Bg7 23. Qh3 Qf6 24. f4 Ra5 25. Ne5 a3 26. Qh7+ Kf8 27. Nxg6+
Kf7 28. Ne5+ Rxe5 29. fxe5 Qxe5 30. Rd3 d5 31. bxa3 Ba6 32. Rb3 Qa1+ 33. Kd2
Qd4+ 34. Kc1 Qa1+ 35. Rb1 Qxa2 36. axb4 Qa3+ 37. Kd1 Qe3 38. Qh5+ Kf8 39. Qf3
Qd4+ 40. Kc1 Be5 41. g3 Bc4 42. Rd1 Qa7 43. b5 Bf6 44. c3 Bg5+ 45. Kc2 Qa4+ 46.
Kb2 Qb3+ 47. Ka1 Qa2# 0-1

[Event "4NCL Online Division 2"]
[Site "online"]
[Date "2020.08.25"]
[Round "1.51"]
[White "Taylor, William J"]
[Black "Savory, Richard J"]
[Result "1-0"]
[WhiteElo "1959"]
[BlackElo "2132"]
[PlyCount "61"]
[EventDate "2020.08.25"]
[WhiteTeam "West is Best B"]
[BlackTeam "Downend 1"]

1. e4 c5 2. Nf3 d6 3. d4 cxd4 4. Nxd4 Nf6 5. Nc3 a6 6. Be2 e5 7. Nb3 Be6 8. O-O
Nbd7 9. a4 Rc8 10. f4 Bxb3 11. cxb3 Qb6+ 12. Kh1 Nc5 13. Bc4 Ncxe4 14. Nxe4
Nxe4 15. Bxf7+ Kxf7 16. Qd5+ Ke8 17. Qxe4 Qc6 18. Qf5 Be7 19. Be3 Qd7 20. Qh5+
g6 21. Qh6 Rc2 22. fxe5 Qg4 23. Rg1 dxe5 24. Qg7 Rf8 25. Qxe5 Rf5 26. Qh8+ Bf8
27. Rae1 Kf7 28. Qxh7+ Bg7 29. Bh6 Qd4 30. Bxg7 Qxg7 31. Re7+ 1-0

[Event "4NCL Online Division 2"]
[Site "online"]
[Date "2020.08.25"]
[Round "1.52"]
[White "Thompson, Robert"]
[Black "Staniforth, Matthew"]
[Result "1-0"]
[WhiteElo "1985"]
[BlackElo "1934"]
[PlyCount "41"]
[EventDate "2020.08.25"]
[WhiteTeam "Downend 1"]
[BlackTeam "West is Best B"]

1. Nf3 g6 2. c4 Bg7 3. d4 c5 4. e4 cxd4 5. Nxd4 Nc6 6. Be3 Nf6 7. Nc3 Ng4 8.
Qxg4 Nxd4 9. Qd1 e5 10. f4 O-O 11. Bd3 exf4 12. Bxf4 Ne6 13. Bd6 Re8 14. Nd5
Qg5 15. O-O f6 16. Qf3 Kf7 17. e5 f5 18. h4 Qxh4 19. Bxf5 Ng5 20. Be6+ Kxe6 21.
Nc7# 1-0

[Event "4NCL Online Division 2"]
[Site "online"]
[Date "2020.08.25"]
[Round "1.53"]
[White "Pinto, Celso Bettencourt"]
[Black "Meadows, Michael"]
[Result "0-1"]
[WhiteElo "1813"]
[BlackElo "2035"]
[PlyCount "60"]
[EventDate "2020.08.25"]
[WhiteTeam "West is Best B"]
[BlackTeam "Downend 1"]

1. e4 e6 2. d4 d5 3. Nd2 Nf6 4. e5 Nfd7 5. Bd3 c5 6. c3 Nc6 7. Ne2 f6 8. exf6
Nxf6 9. O-O Qc7 10. Nf3 Bd6 11. Bg5 O-O 12. h3 e5 13. dxe5 Nxe5 14. Nxe5 Bxe5
15. Bc2 Be6 16. f4 Bd6 17. Ng3 Be7 18. Qd3 c4 19. Qe2 Bc5+ 20. Kh1 Rae8 21. Qd2
h6 22. Bxf6 Rxf6 23. f5 Qxg3 24. Rf3 Qd6 25. fxe6 Rfxe6 26. Qf4 Re1+ 27. Rxe1
Rxe1+ 28. Kh2 Qxf4+ 29. Rxf4 Bd6 30. Kg3 Rf1 0-1

[Event "4NCL Online Division 2"]
[Site "online"]
[Date "2020.08.25"]
[Round "1.54"]
[White "Williams, Stephen M"]
[Black "Hurley, Jake"]
[Result "0-1"]
[WhiteElo "1885"]
[BlackElo "1780"]
[PlyCount "158"]
[EventDate "2020.08.25"]
[WhiteTeam "Downend 1"]
[BlackTeam "West is Best B"]

1. d4 e6 2. Nf3 f5 3. g3 Nf6 4. Bg2 Be7 5. O-O O-O 6. c4 d6 7. Nc3 Ne4 8. h4
Qe8 9. Ng5 Nxg5 10. hxg5 Qg6 11. f4 h6 12. gxh6 gxh6 13. e4 Qxg3 14. Qh5 Kh7
15. Ne2 Qh4 16. Qxh4 Bxh4 17. exf5 exf5 18. b3 Re8 19. Nc3 Nc6 20. Nd5 Bd8 21.
Bb2 Re2 22. Rf2 Rxf2 23. Kxf2 Be6 24. Nxc7 Bxc7 25. d5 Nb4 26. Bc3 Nc2 27. dxe6
Nxa1 28. Bxa1 Re8 29. Bd5 b6 30. b4 Bd8 31. Bc3 Be7 32. a4 Rg8 33. Bd4 Bh4+ 34.
Ke2 Re8 35. Be3 Bf6 36. Kd3 Re7 37. c5 dxc5 38. bxc5 bxc5 39. Bxc5 Rg7 40. Kc4
Rc7 41. Kb5 Be7 42. Bd4 Kg6 43. a5 Bd6 44. a6 Bxf4 45. Bc5 Kf6 46. e7 Rxe7 47.
Bxe7+ Kxe7 48. Kc4 Kf6 49. Kd3 Kg5 50. Ke2 Kg4 51. Kf2 h5 52. Bf3+ Kg5 53. Kg2
h4 54. Bc6 Bg3 55. Bd5 Kf4 56. Be6 Ke4 57. Bd7 f4 58. Bc6+ Ke3 59. Bd7 f3+ 60.
Kf1 Bc7 61. Bg4 Kf4 62. Be6 Kg3 63. Kg1 Bb6+ 64. Kh1 Kf2 65. Bc4 Ke1 66. Kh2 f2
67. Kg2 h3+ 68. Kf3 f1=Q+ 69. Bxf1 Kxf1 70. Kg3 Ke2 71. Kxh3 Kd3 72. Kg2 Kc4
73. Kf3 Kb5 74. Ke2 Kxa6 75. Kd3 Ka5 76. Kc2 Ka4 77. Kb2 Bd4+ 78. Ka2 a5 79.
Kb1 Ka3 0-1